Propósitos y contenidos de la educación preescolar : (Record no. 201712)
[ view plain ]
| 000 -CABECERA | |
|---|---|
| campo de control de longitud fija | 00988nam a2200241 u 4500 |
| 005 - FECHA Y HORA DE LA ÚLTIMA TRANSACCIÓN | |
| campo de control | 20231118063626.0 |
| 008 - ELEMENTOS DE LONGITUD FIJA--INFORMACIÓN GENERAL | |
| campo de control de longitud fija | 190314s2003 r 000 0 eng d |
| 020 ## - NÚMERO INTERNACIONAL NORMALIZADO PARA LIBROS | |
| Número Internacional Estándar del Libro | 9685710708 |
| 035 ## - NÚMERO DE CONTROL DEL SISTEMA | |
| Número de control de sistema | UPN01000229617 |
| 049 ## - COLECCIÓN | |
| Colección | LTG |
| 050 #4 - SIGNATURA TOPOGRÁFICA DE LA BIBLIOTECA DEL CONGRESO | |
| Número de clasificación | LB2001 A1 |
| Número de documento/Ítem | P7.5 2003 |
| 245 00 - MENCIÓN DE TÍTULO | |
| Título | Propósitos y contenidos de la educación preescolar : |
| Resto del título | programa y materiales de apoyo para el estudio : licenciatura en educación preescolar : primer semestre / |
| Mención de responsabilidad, etc. | coord. Esteban Manteca Aguirre. |
| 250 ## - MENCIÓN DE EDICIÓN | |
| Mención de edición | 3a ed. |
| 260 ## - PUBLICACIÓN, DISTRIBUCIÓN, ETC. | |
| Lugar de publicación, distribución, etc. | México : |
| Nombre del editor, distribuidor, etc. | SEP, |
| Fecha de publicación, distribución, etc. | 2003. |
| 300 ## - DESCRIPCIÓN FÍSICA | |
| Extensión | 154 p. |
| 440 #0 - MENCIÓN DE SERIE/ASIENTO SECUNDARIO--TÍTULO | |
| Título | Programa para la Transformación y el Fortalecimiento Académicos de las Escuelas Normales |
| 650 #4 - ASIENTO SECUNDARIO DE MATERIA - TERMINO TEMATICO | |
| Término de materia o nombre geográfico como elemento de entrada | Educación normal |
| Subdivisión geográfica | México |
| Subdivisión de forma | Planes y programas |
| 9 (RLIN) | 12330 |
| 650 #4 - ASIENTO SECUNDARIO DE MATERIA - TERMINO TEMATICO | |
| Término de materia o nombre geográfico como elemento de entrada | EDUCACION PREESCOLAR - |
| Subdivisión general | FINES Y OBJETIVOS - |
| Subdivisión geográfica | MEXICO |
| 9 (RLIN) | 18710 |
| 700 1# - ASIENTO SECUNDARIO--NOMBRE DE PERSONAL | |
| Nombre de persona | Manteca Aguirre, Esteban, |
| Término indicativo de función/relación | coord |
| 9 (RLIN) | 32675 |
| 710 1# - ASIENTO SECUNDARIO - NOMBRE CORPORATIVO | |
| Nombre de entidad corporativa o nombre de jurisdicción como elemento de entrada | México. |
| Unidad subordinada | Subsecretaría de Educación Básica y Normal |
| 9 (RLIN) | 27954 |
| 905 ## - TIPO DE MATERIAL | |
| Tipo de material | Libro |
| Estado de retiro | Estado de pérdida | Fuente del sistema de clasificación o colocación | Estado dañado | No para préstamo | Código de colección | Localización permanente | Ubicación/localización actual | Ubicación en estantería | Fecha de adquisición | Clasificación | Código de barras | Fecha visto por última vez | Número de copia | Tipo de ítem Koha |
|---|---|---|---|---|---|---|---|---|---|---|---|---|---|---|
| Library of Congress Classification | Disponible (Préstamo en sala) | Libros de texto gratuitos | Bib. Gregorio Torres Quintero | Bib. Gregorio Torres Quintero | Colecciones especiales Planta alta | 03/05/2023 | LB2001 A1 P7.5 2003 | 329867 | 31/12/2020 | 1 | Libro | |||
| Library of Congress Classification | Disponible (Préstamo en sala) | Libros de texto gratuitos | Bib. Gregorio Torres Quintero | Bib. Gregorio Torres Quintero | Colecciones especiales Planta alta | 03/05/2023 | LB2001 A1 P7.5 2003 | 328678 | 31/12/2020 | 1 | Libro |
